MDQL
is popping MORE tags! Check the
thread
!
Quizzes
Events
Quiz Creation
Community
Videos
Private Events
Remove Ads
Sign In
Join for FREE
Feedback
Dark Mode
Quiz Categories
Sports
Geography
Music
Movies
Television
Just For Fun
Miscellaneous
History
Literature
Language
Science
Gaming
Entertainment
Religion
Holiday
For Kids
Quiz Lab
Recent
Popular Today
Quiz Kudos Today
Editor Picks
Curator Picks
Quizzes by...
Day
Popularity
Type
Ratings
Length
Year
Community
Subscriptions
Recent Discussions
Orange Saloon
Badges
Playlists
Quests
Create
Leaderboards
Showdown
Live 5
Trivia Bingo
Activity
Puzzle Library
Sporcle Events
Private Events
Virtual Trivia
Globe League
Become a Host
Pub Owners
SporcleCon
Opinionation
Our Games
Videos
Blog
Mobile Apps
Partnerships
Remove Ads and Go Orange
Feedback
Sports
Athletes
MLB
NBA
NHL
NFL
Soccer
Sports Teams
WWE
NCAA
Football
Premier League
Basketball
Baseball
Hockey
Golf
Tennis
Cricket
Rugby
Auto Racing
Olympics
World Cup
Sports
Athletes
MLB
NBA
NHL
NFL
Soccer
Sports Teams
WWE
NCAA
Football
Premier League
Basketball
Baseball
Hockey
Golf
Tennis
Cricket
Rugby
Auto Racing
Olympics
World Cup
Random Quiz
Search Sporcle
×
Quiz Lab
Quiz Lab
Sports
Board Games
Type in answers that appear in a list
Type in answers that appear in a list
Classic
Best Score? Go Orange.
QB Games Started All-Time Stats
Can you name the QB's who started the most games for each team?
By
linklord16
18m
163 Questions
269 Plays
269 Plays
269 Plays
Comments
Comments
Give Quiz Kudos
Give Quiz Kudos
-
- Ratings
hide this ad
Replay
Link that replays current quiz
Next Quiz
Link to next quiz in quiz playlist
You Got
0%
They Got
Avg Score
56%
Avg Friend Score
Upgrade to see
Score Distribution
Jump to the score distribution portion of the page
Score
0/163
Timer
18:00
0
Plays Today
Games Started
Quarterback
% Correct
Arizona Cardinals
Kurt Warner
97.8%
Green Bay Packers
Brett Favre
97%
Indianapolis Colts
Peyton Manning
96.7%
New York Giants
Eli Manning
96.7%
New Orleans Saints
Archie Manning
96.3%
Denver Broncos
John Elway
94.8%
New England Patriots
Tom Brady
94.4%
Miami Dolphins
Dan Marino
93.7%
Dallas Cowboys
Troy Aikman
92.9%
San Francisco 49ers
Joe Montana
92.2%
Carolina Panthers
Jake Delhomme
91.8%
Philadelphia Eagles
Donovan McNabb
91.8%
San Francisco 49ers
Steve Young
91.4%
Tennessee Titans
Vince Young
91.4%
Buffalo Bills
Jim Kelly
90.3%
Houston Texans
David Carr
90.3%
Buffalo Bills
Drew Bledsoe
89.6%
New England Patriots
Drew Bledsoe
89.6%
Atlanta Falcons
Michael Vick
89.2%
Houston Texans
Matt Schaub
88.8%
New Orleans Saints
Drew Brees
88.8%
San Diego Chargers
Drew Brees
88.8%
Pittsburgh Steelers
Terry Bradshaw
87.7%
Pittsburgh Steelers
Ben Roethlisberger
86.6%
Jacksonville Jaguars
Mark Brunell
86.2%
Dallas Cowboys
Roger Staubach
85.1%
Cincinnati Bengals
Carson Palmer
84.8%
Dallas Cowboys
Tony Romo
84.8%
Seattle Seahawks
Matt Hasselbeck
84.8%
New York Giants
Phil Simms
84.4%
Baltimore Ravens
Steve McNair
84%
Tennessee Titans
Steve McNair
84%
Arizona Cardinals
Charley Johnson
83.6%
Denver Broncos
Charley Johnson
83.6%
Green Bay Packers
Bart Starr
83.6%
Minnesota Vikings
Brad Johnson
83.6%
Tampa Bay Buccaneers
Brad Johnson
83.6%
Baltimore Ravens
Joe Flacco
83.3%
San Diego Chargers
Philip Rivers
83.3%
Baltimore Ravens
Vinny Testaverde
82.9%
New York Jets
Vinny Testaverde
82.9%
Tampa Bay Buccaneers
Vinny Testaverde
82.9%
Jacksonville Jaguars
David Garrard
82.5%
Tennessee Titans
Warren Moon
82.5%
Arizona Cardinals
Jake Plummer
82.2%
Denver Broncos
Jake Plummer
82.2%
Minnesota Vikings
Fran Tarkenton
82.2%
New York Giants
Fran Tarkenton
82.2%
New York Jets
Joe Namath
82.2%
Cincinnati Bengals
Ken Anderson
81.4%
Kansas City Chiefs
Trent Green
81%
Indianapolis Colts
Johnny Unitas
80.7%
Chicago Bears
Jim McMahon
79.9%
Jacksonville Jaguars
Byron Leftwich
79.9%
Cincinnati Bengals
Boomer Esiason
79.2%
Games Started
Quarterback
% Correct
Minnesota Vikings
Daunte Culpepper
79.2%
New York Jets
Chad Pennington
79.2%
St. Louis Rams
Marc Bulger
79.2%
Denver Broncos
Brian Griese
78.4%
Miami Dolphins
Bob Griese
78.4%
Carolina Panthers
Kerry Collins
77.7%
New York Giants
Kerry Collins
77.7%
Philadelphia Eagles
Randall Cunningham
77%
Oakland Raiders
Rich Gannon
76.2%
San Diego Chargers
Dan Fouts
76.2%
Cleveland Browns
Frank Ryan
72.5%
New Orleans Saints
Aaron Brooks
71.4%
San Francisco 49ers
Jeff Garcia
71.4%
Oakland Raiders
Ken Stabler
70.6%
Atlanta Falcons
Chris Chandler
69.5%
Philadelphia Eagles
Ron Jaworski
68.8%
Washington Redskins
Joe Theismann
67.3%
Baltimore Ravens
Kyle Boller
66.9%
Tampa Bay Buccaneers
Trent Dilfer
66.9%
Tampa Bay Buccaneers
Doug Williams
65.1%
Kansas City Chiefs
Len Dawson
63.2%
Pittsburgh Steelers
Kordell Stewart
61%
New England Patriots
Jim Plunkett
58.7%
Oakland Raiders
Jim Plunkett
58.7%
Cincinnati Bengals
Jon Kitna
58.4%
San Francisco 49ers
Y.A. Tittle
58.4%
Seattle Seahawks
Jon Kitna
58.4%
Dallas Cowboys
Danny White
57.2%
Cleveland Browns
Bernie Kosar
56.5%
Indianapolis Colts
Jeff George
54.6%
Cleveland Browns
Tim Couch
54.3%
Chicago Bears
Jim Harbaugh
52.8%
Indianapolis Colts
Bert Jones
52.8%
Seattle Seahawks
Dave Krieg
52.8%
Washington Redskins
Mark Rypien
50.2%
Pittsburgh Steelers
Neil O'Donnell
49.1%
Cleveland Browns
Otto Graham
48.3%
New York Jets
Ken O'Brien
48%
Houston Texans
Sage Rosenfels
47.6%
New Orleans Saints
Jim Everett
45.4%
St. Louis Rams
Jim Everett
45.4%
New England Patriots
Steve Grogan
45%
Miami Dolphins
Jay Fiedler
44.6%
Detroit Lions
Scott Mitchell
44.2%
Seattle Seahawks
Jim Zorn
44.2%
Atlanta Falcons
Chris Miller
43.9%
Atlanta Falcons
Steve Bartkowski
42%
Carolina Panthers
Steve Beuerlein
41.6%
Carolina Panthers
Chris Weinke
41.6%
Jacksonville Jaguars
Steve Beuerlein
41.6%
Chicago Bears
Ed Brown
41.3%
Philadelphia Eagles
Sonny Jurgensen
40.9%
Washington Redskins
Sonny Jurgensen
40.9%
Green Bay Packers
Don Majkowski
40.1%
Arizona Cardinals
Neil Lomax
39.4%
Games Started
Quarterback
% Correct
Carolina Panthers
Rodney Peete
39.4%
Cleveland Browns
Brian Sipe
39.4%
Washington Redskins
Sammy Baugh
39%
Cincinnati Bengals
Jeff Blake
38.7%
Detroit Lions
Bobby Layne
37.9%
San Diego Chargers
Stan Humphries
37.9%
St. Louis Rams
Roman Gabriel
37.5%
Buffalo Bills
Jack Kemp
37.2%
Baltimore Ravens
Tony Banks
36.8%
Denver Broncos
Craig Morton
36.8%
Houston Texans
Tony Banks
36.8%
Arizona Cardinals
Jim Hart
36.1%
Oakland Raiders
Daryle Lamonica
36.1%
Kansas City Chiefs
Steve DeBerg
35.3%
Tampa Bay Buccaneers
Steve DeBerg
35.3%
Tennessee Titans
George Blanda
33.8%
Minnesota Vikings
Tommy Kramer
33.1%
San Diego Chargers
John Hadl
33.1%
San Francisco 49ers
John Brodie
31.6%
Minnesota Vikings
Wade Wilson
31.2%
Dallas Cowboys
Don Meredith
29%
Green Bay Packers
Lynn Dickey
28.6%
New Orleans Saints
Bobby Hebert
28.6%
Pittsburgh Steelers
Bubby Brister
28.3%
Buffalo Bills
Joe Ferguson
27.9%
Seattle Seahawks
Rick Mirer
27.1%
Jacksonville Jaguars
Quinn Gray
24.2%
Washington Redskins
Billy Kilmer
24.2%
Oakland Raiders
Jay Schroeder
23%
New York Jets
Richard Todd
22.3%
Miami Dolphins
David Woodley
21.9%
Detroit Lions
Greg Landry
20.8%
St. Louis Rams
Norm Van Brocklin
20.8%
Tennessee Titans
Dan Pastorini
20.1%
Detroit Lions
Eric Hipple
14.5%
Kansas City Chiefs
Bill Kenney
14.5%
Miami Dolphins
Don Strock
12.6%
Philadelphia Eagles
Norm Snead
12.6%
St. Louis Rams
Pat Haden
12.6%
Indianapolis Colts
Jack Trudeau
11.5%
Houston Texans
Dave Ragone
10.8%
New England Patriots
Babe Parilli
10.8%
New York Giants
Charlie Conerly
10.4%
Chicago Bears
Billy Wade
8.9%
Detroit Lions
Gary Danielson
8.9%
Oakland Raiders
Tom Flores
8.9%
Chicago Bears
Bob Avellini
8.6%
Indianapolis Colts
Mike Pagel
8.6%
Green Bay Packers
Tobin Rote
7.8%
Kansas City Chiefs
Mike Livingston
7.8%
Buffalo Bills
Dennis Shaw
6.3%
Atlanta Falcons
Bob Berry
5.9%
Philadelphia Eagles
Bobby Thomason
2.6%
Quiz Playlist
Details
Report
Send in Message
Add To Playlist
Classic:
Type in answers that appear in a list
Quiz Source
Last Updated: Feb 16, 2017
Quiz Scoreboard
CHALLENGE
Sign Up to Join the Scoreboard
Show All
Scores
Hide
Comments
May contain spoilers
Recently Published
Street Fighter Characters
by Artimus82
Gaming
60s
9x9 Crossword: Cartoon Network
by jackfrog10
Miscellaneous
3m
College Basketball Coaching Resumes
by pancakes188
Sports
9m
More to Explore
Quiz From the Vault
Featured Blog Post
Where Did the Easter Bunny Come From?
hide this ad
You Might Also Like...
Tags
Board Games Quiz
Quarterbacks
Started
team
Today's Top Quizzes in Sports
Browse Sports
hide this ad
Today's Top Quizzes in Board Games
Browse Board Games
Top Contributed Quizzes in Sports
1
2022 World Cup Stars
2
Les meilleurs buteurs des matchs entre le PSG et l’OM
3
FIFA Club World Cup Champions
4
Les entraîneurs de l'OM et du PSG au 21e siècle
5
Criteria MLB: Left Handed Sluggers
6
2023 MLB Unique Player Accomplishments
7
AFC Teams Reveal (Wrong Answers Minefield)
8
5-to-1: FBS Animal Nicknames
9
Players with Multiple 50 Home Run Seasons
10
5-to-1: UK Sports Teams
Explore More
Trending Topics
Anime
Crossword
Harry Potter
Marvel
Disney
NBA
Kpop
WWE
Song
NFL
Pokémon
Soccer
Puzzle
The Office
Country
hide this ad
More By:
linklord16
Quiz
Plays
Rating
Category
Featured
Created
The Sports Guy's Best Basketball Players
1,995
4.20
Sports
Nov 8, 2009
MLB Opening Day Lineups 2015
856
4.50
Sports
Apr 7, 2015
NFL Draft 2015 - Every Pick
594
3.67
Sports
May 6, 2015
Pokemon Red/Blue Gym Leader's Pokemon
586
2.50
Gaming
Jun 18, 2010
NBA Team Leaders 2014-2015 Season
559
5.00
Sports
Apr 17, 2015
Go to Creator's Profile
Score Distribution
Quiz Creator Spotlight
linklord16
Follow
Send a Message
Quizzes Created
-
Created Quiz Play Count
-
More By This Creator
Popular Quizzes Today
1
Find the US States - No Outlines Minefield
2
Find the Countries of Europe - No Outlines Minefield
3
The Countries of the World
4
Find the US States
5
Risky Map Clicking: Biggest States A-Z
6
US States
7
Popular People in 1961
8
Movies - When Are They Set?
More Sports Quizzes
Thanksgiving Pick: Sports
Quiz Lab
Trending Quizzes
Risky Map Clicking: Least Populous States A-Z
Countries of the World: 200 Million BC
Billboard Blitz: Aretha Franklin
1-10 Letter G Words
Famous Russians: Author or Composer?
Recently Updated
Leaping Animals
pecheneg
Reality TV Shows (A-Z)
bhenderson79
Rickey Henderson's Hall of Fame Teammates
pecheneg
Champions League XIs: Arsenal
pecheneg
Quick Pick: Celebrities in WWE's Hall of Fame
aduchscher
A-Z Keypad Blitz II
pecheneg
Multiple Oscar Actors
pecheneg
Mystery Phrase Blitz: Oscar 'Best Actors'
pecheneg
F. Scott Fitzgerald Novels
LTH
Pick 3 Villains
ddd62291
Trending Topics
Harry Potter
Disney
Anime
Kpop
Marvel
Crossword
NBA
Soccer
Puzzle
Song
Pokémon
Country
NFL
The Office
WWE
Your Account Isn't Verified!
In order to create a playlist on Sporcle, you need to verify the email address you used during registration. Go to your
Sporcle Settings
to finish the process.
Report this User
Report this user for behavior that violates our
Community Guidelines
.
Details:
Send Report
Go to the Sporcle.com Mobile Site →
Comments